La reproducción de las burocracias de estado: el caso mexicano
সংরক্ষণ করুন:
| প্রধান লেখক: | |
|---|---|
| বিন্যাস: | পাঠ্য |
| প্রকাশিত: |
Quito :
|
| ট্যাগগুলো: |
ট্যাগ যুক্ত করুন
কোনো ট্যাগ নেই, প্রথমজন হিসাবে ট্যাগ করুন!
|
MARC
| LEADER | 00000 a a2200000 04500 | ||
|---|---|---|---|
| 001 | 16145 | ||
| 003 | |||
| 040 | |||
| 090 | |a 012700 | ||
| 100 | |a Acevedo de Silva, Mª Guadalupe | ||
| 245 | |a La reproducción de las burocracias de estado: el caso mexicano | ||
| 260 | |a Quito : | ||
| 300 | |a 65 p. | ||
| 999 | |c 7483 |d 7483 | ||
